00725 a2200181 4500003000500000005001700005040000900022082001400031100002400045245005500069260003500124300000800159505016300167650004700330942002300377999001900400952012400419Nust20230201140608.0 cNust a930.1,FIR aC. B. Firth9108415 aThe days of the tudors and stuarts / cC. B. Firth aLondonbGinn and companyc1924 a206 aIntroduction (Page-Xiii), General And Historical Notes And Exercises (Page-1), Extracts Form Contemporary Authorities (Page-107), List And Tables (Page-189). aThe days of the tudors and stuarts9108416 2ddccBKk930.1,FIR c186952d186952 00102ddc4070aMCSbMCScGENd2016-12-12o930.1,FIRpMCS29447r2016-12-08w2016-12-12yBKzAlmirah No. 59, Shelf No.6